000 00715nam a2200253Ia 4500
003 OSt
005 20220924122345.0
006 a|||||r|||| 00| 0
007 ta
008 220923b |||||||| |||| 00| 0 ara d
024 _a341645
037 _cTextual
040 _aARTS
_cARTS
_bara
041 _2ara
_aara
082 _aP28,9, 28E5
100 _aRizwani Mir Ahmad Shah Ed.
_9189209
245 0 _aArabi ki teesri kitab
260 _aLahore
_bRai Sahab Munshi Ghulab Singh and sons Pakistan
_c1915
300 _a160p.
_ccm.
650 _a LINGUISTICS
650 _aARABIC LANGUAGE
_931794
942 _hP28,9, 28E5
_cTEXL
_2CC
999 _c411303
_d411303